00329nam a2200145Ia 45000030006000000080041000060400015000471000025000622450020000872500006001072600033001133000006001465460014001520050017001660STCL150530s9999 xx 000 0 und d aSTCLcSTCL aVasudevan Nair, M.T. aVeyilum Nilavum a5 bPhoenix Books; Trichurc1994 a0 aMalayalam20220125171637.0